000 00396nam a22001217a 4500
003 SGT
082 _a080
_bS94G
100 _aगुप्त, अम्बिका प्रसाद
245 _aसहकारिता देश और विदेश में
260 _bउत्तरप्रदेश हिंदी संस्थान
_c1994
300 _a576
942 _2ddc
_cBK
999 _c31538
_d31538